000 00216nam a2200097Ia 4500
005 20251222114406.0
008 251222s1900||||xx |||||||||||||| ||spa||
082 _aDVD0099/D95M/2001
245 0 _aMy Metier:
942 _cDVD
999 _c1834
_d1834